| Tag |
First Indicator |
Second Indicator |
Subfields |
| LEADER |
00000cam a2200000 a 4500 |
| 001 |
in00002139161 |
| 006 |
m e d # |
| 007 |
cr mn mmmmabba |
| 008 |
820504s1800 nhu s 000 0 eng d |
| 005 |
20260331162752.3 |
| 035 |
|
|
|z w011253
|
| 035 |
|
|
|a MAAR8205043604B
|
| 035 |
|
|
|9 mwa91-48395
|
| 035 |
|
|
|a 339456
|
| 035 |
|
|
|a aas03011253
|
| 040 |
|
|
|a MWA
|c MWA
|e bdrb
|d UtOrBLW
|
| 100 |
1 |
|
|a Lee, Henry,
|d 1756-1818.
|
| 245 |
1 |
4 |
|a The national eulogy of the illustrious George Washington :
|b pronounced at the request of the United States, in Congress assembled. /
|c By Major Gen. Henry Lee, at Philadelphia, in the German Lutheran Church, December 26th, 1799.
|
| 264 |
|
3 |
|a Portsmouth, (New-Hampshire,) :
|b Printed at the United States' Oracle-Office by Charles Peirce,
|c January, 1800.
|
| 300 |
|
|
|a 16 pages ;
|c 21 cm. (octavo)
|
| 336 |
|
|
|a text
|b txt
|2 rdacontent
|
| 337 |
|
|
|a computer
|b c
|2 rdamedia
|
| 338 |
|
|
|a online resource
|b cr
|2 rdacarrier
|
| 510 |
4 |
|
|a Evans
|c 37809
|
| 510 |
4 |
|
|a Stillwell, M.B. Washington eulogies,
|c 370
|
| 530 |
|
|
|a Microform version available in the Readex Early American Imprints series.
|
| 533 |
|
|
|a Electronic text and image data.
|b [Chester, Vt. :
|c Readex, a division of Newsbank, Inc.,
|d 2002-2004.
|e Includes files in TIFF, GIF and PDF formats with inclusion of keyword searchable text.
|f (Early American imprints. First series ; no. 37809).
|
| 500 |
|
|
|a Electronic resource.
|
| 600 |
1 |
0 |
|a Washington, George,
|d 1732-1799
|x Death and burial.
|
| 655 |
|
7 |
|a Funeral addresses
|y 1799.
|2 rbgenr
|
| 752 |
|
|
|a United States
|b New Hampshire
|d Portsmouth.
|
| 830 |
|
0 |
|a Early American imprints.
|n Series I,
|p Evans (1639-1800) ;
|v no. 37809.
|
| 856 |
4 |
1 |
|u http://proxy.library.tamu.edu/login?url=https://opac.newsbank.com/select/evans/37809
|y Evans Digital Edition
|t 0
|
| 999 |
|
|
|a MARS
|
| 999 |
f |
f |
|s 1ca93f05-8920-33d4-9118-8165970a237e
|i bb2f256e-b8ef-32fe-8f28-20974224d112
|t 0
|
| 952 |
f |
f |
|a Texas A&M University
|b College Station
|c Electronic Resources
|s www_evans
|d Available Online
|t 0
|h No information provided
|
| 998 |
f |
f |
|t 0
|l Available Online
|